មេឃាដួងចិត្ត / (Record no. 6462)
[ view plain ]
| 000 -LEADER | |
|---|---|
| fixed length control field | 03687nam a22002537a 4500 |
| 001 - CONTROL NUMBER | |
| control field | 6462 |
| 003 - CONTROL NUMBER IDENTIFIER | |
| control field | FISKH |
| 005 - DATE AND TIME OF LATEST TRANSACTION | |
| control field | 20250512151150.0 |
| 008 - FIXED-LENGTH DATA ELEMENTS--GENERAL INFORMATION | |
| fixed length control field | 250506b cb ||||| |||| 00| 0 eng d |
| 040 ## - CATALOGING SOURCE | |
| Original cataloging agency | FISKH |
| Language of cataloging | khr |
| Transcribing agency | FISKH |
| Modifying agency | FISKH |
| 050 ## - LIBRARY OF CONGRESS CALL NUMBER | |
| Classification number | PZ7 |
| 082 ## - DEWEY DECIMAL CLASSIFICATION NUMBER | |
| Classification number | 800 |
| 100 ## - MAIN ENTRY--PERSONAL NAME | |
| Personal name | Samnang, Mao |
| 245 ## - TITLE STATEMENT | |
| Title | មេឃាដួងចិត្ត / |
| Statement of responsibility, etc. | អ្នកស្រី ម៉ៅ សំណាង (ទន្សាយ) |
| 250 ## - EDITION STATEMENT | |
| Edition statement | ចេញផ្សាយឆ្នាំ២០០៩ |
| 260 ## - PUBLICATION, DISTRIBUTION, ETC. | |
| Place of publication, distribution, etc. | ភ្នំពេញ : |
| Name of publisher, distributor, etc. | បណ្ណាល័យ សុរិយារង្សី , |
| Date of publication, distribution, etc. | ២០០៩ . |
| 300 ## - PHYSICAL DESCRIPTION | |
| Extent | 124 pages : |
| Other physical details | illustrations ; |
| Dimensions | 21 cm . |
| 520 ## - SUMMARY, ETC. | |
| Summary, etc. | ទិគវឌ្ឍន៍៖ ជាយុវជនម្នាក់មកពីភូមិជនបទនៅខេត្តបាត់ដំបង ដែលបានមកសិក្សានៅវិទ្យាល័យព្រះស៊ីសុវត្ថិ ក្នុងរាជធានីភ្នំពេញ។<br/>ចន្ទរ័ត្ន៖ ស្រីថៃម្នាក់ដែលមានរូបសម្បត្តិស្រស់ស្អាត ដែលទិគវឌ្ឍន៍បានជួបពេលដំណើរទស្សនកិច្ចមួយ។<br/>ការជួបគ្នាស្រួលស្រាយរបស់ពួកគេ បានបង្កើតភាពភ្ជាប់យ៉ាងជ្រាលជ្រៅផ្លូវអារម្មណ៍ ដែលនាំឲ្យកើតជាសមីខ្សែស្នេហ៍ស្មុគស្មាញរួមមាននារីម្នាក់ទៀតឈ្មោះសូរិយា។ រឿងនេះបានបញ្ចូលប្រធានបទដូចជា ក្តីស្រឡាញ់របស់យុវវ័យ អត្តសញ្ញាណជាតិ និងភាពស្មុគស្មាញនៃស្នេហា និងការលះបង់។<br/>ដោយមានផ្ទៃខាងក្រោយជាស្ថានការណ៍នយោបាយរំខាននៃសម័យនោះ រឿងនេះបានបង្ហាញពីបញ្ហាផ្លូវផ្ទាល់ខ្លួន និងសង្គម ដែលតួអង្គត្រូវប្រឈមមុខ។ តាមរយៈរបាយការណ៍ដ៏សម្បូរបែបនេះ មេឃាដួងចិត្ត បានផ្តល់ជាកម្រងបញ្ចាំងនៃអារម្មណ៍ និងវប្បធម៌កម្ពុជា នៅសម័យអាណានិគម។ |
| 520 ## - SUMMARY, ETC. | |
| Summary, etc. | Tikhavuth: A young man from a rural village in Battambang province who comes to study at the prestigious Preah Sisowath High School in Phnom Penh.<br/><br/>Chantharath: A beautiful Thai girl whom Tikhavuth meets during a sightseeing trip.<br/><br/>Their casual encounter develops into a deep emotional connection, leading to a complex love triangle that includes another woman named Soriya. The story explores themes such as youthful love, national identity, and the complexities of love and sacrifice.<br/><br/>Set against the backdrop of a politically turbulent era, the novel portrays the personal and social challenges faced by the characters. Through its rich narrative, Meakha Doung Chet provides a vivid reflection of Cambodia’s emotions and culture during the colonial period. |
| 650 ## - SUBJECT ADDED ENTRY--TOPICAL TERM | |
| Topical term or geographic name entry element | មេឃាដួងចិត្ត |
| Form subdivision | ប្រលោមលោកមនោសញ្ចេតនា |
| 650 ## - SUBJECT ADDED ENTRY--TOPICAL TERM | |
| Topical term or geographic name entry element | Mea khea doung chet |
| Form subdivision | Romance fiction |
| 942 ## - ADDED ENTRY ELEMENTS (KOHA) | |
| Source of classification or shelving scheme | Dewey Decimal Classification |
| Koha item type | Khmer Books |
| Suppress in OPAC | No |
| Withdrawn status | Lost status | Source of classification or shelving scheme | Damaged status | Not for loan | Collection | Home library | Current library | Shelving location | Date acquired | Total Checkouts | Full call number | Barcode | Date last seen | Copy number | Price effective from | Koha item type |
|---|---|---|---|---|---|---|---|---|---|---|---|---|---|---|---|---|
| Dewey Decimal Classification | Khmer Language Books / សៀវភៅភាសាខ្មែរ | Footprints International School Library Network Toul Tom Poung Campus | Footprints International School Library Network Toul Tom Poung Campus | TTP Secondary Khmer Bookshelves | 05/06/2025 | SAM PZ7 800 | FISSE01721 | 05/06/2025 | 1 | 05/06/2025 | Khmer Books | |||||
| Dewey Decimal Classification | Khmer Language Books / សៀវភៅភាសាខ្មែរ | Footprints International School Library Network Toul Tom Poung Campus | Footprints International School Library Network Toul Tom Poung Campus | TTP Secondary Khmer Bookshelves | 05/13/2025 | SAM PZ7 800 | FISSE01722 | 05/13/2025 | 2 | 05/13/2025 | Khmer Books |
